书目信息 |
| 题名: |
语文
|
|
| 作者: | 张盛如 主编 | |
| 分册: | ||
| 出版信息: | 北京 高等教育出版社 1998.6 |
|
| 页数: | 446页 | |
| 开本: | 26cm | |
| 丛书名: | ||
| 单 册: | ||
| 中图分类: | G634.5 | |
| 科图分类: | ||
| 主题词: | 教育--各级 | |
| 电子资源: | ||
| ISBN: | 7-04-006785-4 | |
| 000 | 00539nam0 2200205 45 | |
| 001 | 0358732289 | |
| 005 | 2003010116185221 | |
| 010 | @a7-04-006785-4@dRMB 24.30 | |
| 100 | @a20030101d1998 km y0chiy0120 ea | |
| 101 | 0 | @achi |
| 102 | @aCN@b110000 | |
| 200 | 1 | @a语文@Ayu wen@f张盛如主编@Fzhang sheng ru zhu bian |
| 205 | @a7版 | |
| 210 | @a北京@c高等教育出版社@d1998.6 | |
| 215 | @a446页@d26cm | |
| 606 | 0 | @a教育@x各级 |
| 690 | @aG634.5@v3 | |
| 701 | 0 | @a张盛如@Azhang sheng ru@4主编 |
| 801 | 0 | @aCN@bPFT@c20030101 |
| 905 | @dG634.5@eZ167 | |
| 语文/张盛如主编.-7版.-北京:高等教育出版社,1998.6 |
| 446页;26cm |
| ISBN 7-04-006785-4:RMB 24.30 |
| ● |
| 相关链接 |
|
|
|
正题名:语文
索取号:G634.5/Z167
 
预约/预借
| 序号 | 登录号 | 条形码 | 馆藏地/架位号 | 状态 | 备注 |
| 1 | 364070 | 203640701 | 社科库409/409社科库 8排4列1层/ [索取号:G634.5/Z167] | 在馆 | |
| 2 | 364071 | 203640710 | 社科库409/409社科库 8排4列1层/ [索取号:G634.5/Z167] | 在馆 |